[Event "Usti nad Labem Chlumecky Blitz op"]
[Site "Usti nad Labem"]
[Date "2024.05.05"]
[Round "4"]
[White "Lancaric, Tomas"]
[Black "Purkyt, Jaroslav"]
[Result "1-0"]
[WhiteElo "1893"]
[BlackElo "1746"]
[PlyCount "45"]
[EventDate "2024.05.05"]
[EventType "swiss (blitz)"]
[EventRounds "15"]
[EventCountry "CZE"]
[SourceTitle "CB20_2024"]
[SourceDate "2024.05.16"]
[SourceVersion "1"]
[SourceVersionDate "2024.05.16"]
[SourceQuality "1"]

1. d4 Nf6 2. Bf4 d6 3. Nc3 g6 4. e4 Bg7 5. Qd2 0-0 6. 0-0-0 Nbd7 7. e5 Nh5 8. Bh6 Nb6 9. Bxg7 Nxg7 10. f4 e6 11. Nf3 Bd7 12. g4 c5 13. dxc5 dxc5 14. Bd3 Bc6 15. Be4 Bxe4 16. Nxe4 Qxd2+ 17. Rxd2 Rfd8 18. Rhd1 Rxd2 19. Rxd2 Nc4 20. Rd7 Ne3 21. Nf6+ Kh8 22. Ng5 h6 23. Nxf7# 1-0

[Event "Ceske Budejovice op"]
[Site "Ceske Budejovice"]
[Date "2021.07.02"]
[Round "2"]
[White "Purkyt, Jaroslav"]
[Black "Musil, Vitezslav"]
[Result "1/2-1/2"]
[WhiteElo "1553"]
[BlackElo "1918"]
[PlyCount "111"]
[EventDate "2021.07.01"]
[EventType "swiss"]
[EventRounds "9"]
[EventCountry "CZE"]
[SourceTitle "CBM 203 Extra"]
[Source "ChessBase"]
[SourceDate "2021.09.30"]
[SourceVersion "1"]
[SourceVersionDate "2021.09.30"]
[SourceQuality "1"]

1. b3 e5 2. Bb2 d6 3. e4 Nf6 4. Nc3 Be7 5. Nf3 0-0 6. d4 Nbd7 7. dxe5 dxe5 8. Be2 c6 9. 0-0 Qc7 10. Qc1 Re8 11. h3 Nf8 12. Bd3 Ng6 13. Ne2 Nh5 14. Kh2 Bd6 15. g3 Bd7 16. Qg5 Nf6 17. Kg2 h6 18. Qd2 Rad8 19. Qc3 Qc8 20. Rh1 b5 21. Qd2 c5 22. c3 Bc6 23. Qe3 Qb7 24. c4 bxc4 25. Bxc4 Nxe4 26. Rhe1 Ng5 27. Neg1 Qd7 28. Rad1 Bxf3+ 29. Nxf3 Qxh3+ 30. Kg1 Qg4 31. Nh2 Qc8 32. Nf3 Qf5 33. Nxg5 hxg5 34. Bd3 Qf6 35. Be4 Nf8 36. Rd5 Bc7 37. Bc1 Ne6 38. Kg2 c4 39. bxc4 Bb6 40. Qf3 Qxf3+ 41. Bxf3 f6 42. Bh5 Re7 43. Rh1 Nf8 44. Ba3 Red7 45. Bf3 g6 46. Bxf8 Rxd5 47. Bxd5+ Kxf8 48. Rh7 Bd4 49. Rf7+ Ke8 50. Rxf6 Rb8 51. a4 Rb2 52. Bc6+ Ke7 53. Rxg6 Bxf2 54. Kh3 Be3 55. Kg4 Kf7 56. Rh6 1/2-1/2

[Event "Ceske Budejovice op"]
[Site "Ceske Budejovice"]
[Date "2021.07.01"]
[Round "1"]
[White "Horak, Jan"]
[Black "Purkyt, Jaroslav"]
[Result "1-0"]
[WhiteElo "2072"]
[BlackElo "1553"]
[PlyCount "99"]
[EventDate "2021.07.01"]
[EventType "swiss"]
[EventRounds "9"]
[EventCountry "CZE"]
[SourceTitle "CBM 203 Extra"]
[Source "ChessBase"]
[SourceDate "2021.09.30"]
[SourceVersion "1"]
[SourceVersionDate "2021.09.30"]
[SourceQuality "1"]

1. d4 Nf6 2. Nf3 e6 3. e3 b6 4. Bd3 Bb7 5. 0-0 Be7 6. b3 d6 7. Bb2 0-0 8. Nbd2 d5 9. Ne5 Nbd7 10. f4 Ne4 11. Ndf3 f6 12. Ng4 Qe8 13. Qe2 h5 14. Nf2 f5 15. a4 Qg6 16. a5 Bc6 17. Ba3 Nd6 18. Nh3 Rfe8 19. Ne5 Nxe5 20. fxe5 Ne4 21. Bxe7 Rxe7 22. Nf4 Qh6 23. Bxe4 dxe4 24. Qxh5 Qxh5 25. Nxh5 Kf7 26. Nf4 Rh8 27. g3 g5 28. Ne2 Kg6 29. Nc3 Reh7 30. Rf2 b5 31. Na2 a6 32. Nb4 Bb7 33. c4 c6 34. cxb5 cxb5 35. Rc1 Rd7 36. Rc5 Rc8 37. Rfc2 Rxc5 38. dxc5 Rd1+ 39. Kf2 Rb1 40. c6 Bc8 41. c7 Kf7 42. Nc6 Rxb3 43. Na7 Bd7 44. Rd2 Rd3 45. Rxd3 exd3 46. c8Q Bxc8 47. Nxc8 g4 48. Nd6+ Ke7 49. Nxb5 Kd7 50. Nd4 1-0

[Event "Teplice op 10th"]
[Site "Teplice"]
[Date "2015.06.20"]
[Round "8"]
[White "Purkyt, Jaroslav"]
[Black "Smid, Pavel"]
[Result "0-1"]
[WhiteElo "1736"]
[BlackElo "1546"]
[PlyCount "56"]
[EventDate "2015.06.13"]
[EventType "swiss"]
[EventRounds "9"]
[EventCountry "CZE"]
[SourceTitle "EXT 2017"]
[Source "ChessBase"]
[SourceDate "2016.10.25"]
[SourceVersion "1"]
[SourceVersionDate "2016.10.25"]
[SourceQuality "1"]

1. c4 e6 2. g3 b6 3. Bg2 c6 4. Nf3 Bb7 5. d4 d5 6. cxd5 cxd5 7. 0-0 Nf6 8. Bg5 Be7 9. Nc3 Nbd7 10. Rc1 a6 11. Qd3 0-0 12. Rfd1 Rc8 13. Rc2 h6 14. Bc1 Ne4 15. Nd2 Nxc3 16. Rxc3 Rxc3 17. Qxc3 Qc8 18. Qd3 Qc7 19. e4 dxe4 20. Nxe4 Rd8 21. Bh3 Ne5 22. Qe2 Rxd4 23. Nd2 Qc6 24. f3 Nxf3+ 25. Nxf3 Qxf3 26. Bxe6 Qh1+ 27. Kf2 Qg2+ 28. Ke3 Re4+ 0-1

[Event "Teplice op 8th"]
[Site "Teplice"]
[Date "2013.06.16"]
[Round "2"]
[White "Purkyt, Jaroslav"]
[Black "Bazantova, Marie"]
[Result "0-1"]
[WhiteElo "1764"]
[BlackElo "1968"]
[PlyCount "112"]
[EventDate "2013.06.15"]
[EventType "swiss"]
[EventRounds "9"]
[EventCountry "CZE"]
[SourceTitle "CBM 155 Extra"]
[Source "ChessBase"]
[SourceDate "2013.08.26"]
[SourceVersion "1"]
[SourceVersionDate "2013.08.26"]
[SourceQuality "1"]

1. c4 e6 2. Nc3 Nf6 3. Nf3 b6 4. g3 Bb7 5. Bg2 Bb4 6. Qc2 0-0 7. d3 d5 8. cxd5 Nxd5 9. 0-0 Nd7 10. a3 Be7 11. e4 Nxc3 12. Qxc3 Nc5 13. Ne1 Ba6 14. Be3 Rc8 15. Rd1 Qe8 16. b4 Qa4 17. Rb1 Qb5 18. d4 Nxe4 19. Qc2 Nd6 20. a4 Qc4 21. Qb2 Qe2 22. b5 Qxb2 23. Rxb2 Bb7 24. Nd3 Bxg2 25. Kxg2 Bf6 26. Rc2 Rfd8 27. Rfc1 Ne8 28. Ne5 Bxe5 29. dxe5 Rd5 30. f4 Rd3 31. Rc3 Rcd8 32. Kf3 Kf8 33. Ke4 Rxc3 34. Rxc3 Rd1 35. a5 Rb1 36. axb6 axb6 37. Bc1 Rxb5 38. Ba3+ c5 39. Kd3 Ke7 40. Kc4 Nc7 41. Rd3 Ra5 42. h3 Nd5 43. Rf3 Kd7 44. g4 Kc6 45. Bc1 b5+ 46. Kd3 c4+ 47. Kd4 c3 48. f5 b4 49. fxe6 fxe6 50. Rf8 Ra1 51. Bg5 b3 52. Rc8+ Kb7 53. Rxc3 Nxc3 54. Kxc3 Rh1 55. Kxb3 Rxh3+ 56. Kc4 Kc6 0-1

[Event "Teplice op 8th"]
[Site "Teplice"]
[Date "2013.06.15"]
[Round "1"]
[White "Horak, Jiri"]
[Black "Purkyt, Jaroslav"]
[Result "1-0"]
[WhiteElo "2196"]
[BlackElo "1764"]
[PlyCount "59"]
[EventDate "2013.06.15"]
[EventType "swiss"]
[EventRounds "9"]
[EventCountry "CZE"]
[SourceTitle "CBM 155 Extra"]
[Source "ChessBase"]
[SourceDate "2013.08.26"]
[SourceVersion "1"]
[SourceVersionDate "2013.08.26"]
[SourceQuality "1"]

1. d4 d5 2. c4 e6 3. Nf3 Nf6 4. Nc3 Be7 5. Bg5 Nbd7 6. e3 c6 7. Rc1 h6 8. Bh4 c5 9. cxd5 exd5 10. Bd3 c4 11. Bb1 Nb6 12. Ne5 Be6 13. f4 Ne4 14. Bxe7 Qxe7 15. Nxe4 dxe4 16. Bxe4 f5 17. Bf3 0-0-0 18. 0-0 Qf6 19. a4 Kb8 20. a5 Nd5 21. Nxc4 g5 22. g3 gxf4 23. gxf4 Rhg8+ 24. Kh1 Nxf4 25. exf4 Rxd4 26. Qe2 Rd5 27. a6 b6 28. Ne5 Rg7 29. Nc6+ Ka8 30. Nb4 1-0

[Event "Teplice op 7th"]
[Site "Teplice"]
[Date "2012.06.18"]
[Round "3"]
[White "Bobek, Daniel"]
[Black "Purkyt, Jaroslav"]
[Result "1/2-1/2"]
[WhiteElo "1632"]
[BlackElo "1789"]
[PlyCount "66"]
[EventDate "2012.06.16"]
[EventType "swiss"]
[EventRounds "9"]
[EventCountry "CZE"]
[SourceTitle "CBM 149 Extra"]
[Source "ChessBase"]
[SourceDate "2012.08.24"]
[SourceVersion "1"]
[SourceVersionDate "2012.08.24"]
[SourceQuality "1"]

1. e4 c5 2. Nf3 d6 3. d4 cxd4 4. Nxd4 e6 5. Nc3 Be7 6. Be3 Nf6 7. Be2 Nbd7 8. 0-0 0-0 9. f4 Nc5 10. Bd3 Nxd3 11. Qxd3 Ng4 12. Rf3 Nxe3 13. Qxe3 e5 14. Nde2 exf4 15. Nxf4 Bg5 16. Ncd5 Be6 17. Qf2 Bxd5 18. Nxd5 f6 19. Qg3 Rc8 20. c3 Kh8 21. Qg4 Rf7 22. Rh3 Qd7 23. Qxd7 Rxd7 24. Rd3 Re8 25. Rd4 Kg8 26. Kf2 Kf7 27. Kf3 g6 28. g4 Rh8 29. Rh1 Ke6 30. Kg3 Ke5 31. Rf1 Rf8 32. h4 Bh6 33. h5 Bg5 1/2-1/2

[Event "Liberec Metalmex op"]
[Site "Liberec"]
[Date "2011.08.21"]
[Round "9"]
[White "Purkyt, Jaroslav"]
[Black "Kokta, Marcel"]
[Result "1-0"]
[WhiteElo "1788"]
[BlackElo "1800"]
[PlyCount "77"]
[EventDate "2011.08.13"]
[EventType "swiss"]
[EventRounds "9"]
[EventCountry "CZE"]
[SourceTitle "CBM 143 Extra"]
[Source "ChessBase"]
[SourceDate "2011.08.29"]
[SourceVersion "1"]
[SourceVersionDate "2011.08.29"]
[SourceQuality "1"]

1. c4 Nf6 2. Nf3 c5 3. g3 Nc6 4. Bg2 d5 5. cxd5 Nxd5 6. Nc3 Nc7 7. d3 e5 8. 0-0 Be7 9. Bd2 0-0 10. Rc1 Rb8 11. Ne4 Ne6 12. Bc3 f6 13. Qb3 Kh8 14. Rfe1 Bd7 15. e3 b5 16. d4 c4 17. Qd1 f5 18. Nc5 Nxc5 19. dxc5 Bf6 20. Qd5 Qe7 21. Red1 Be8 22. Qd6 Qxd6 23. cxd6 Bd7 24. a3 a5 25. Rd5 Rfe8 26. Rc5 b4 27. axb4 axb4 28. Be1 e4 29. Nd4 Bxd4 30. exd4 Nxd4 31. R1xc4 Ne6 32. Rxf5 Nd4 33. Ra5 Nf3+ 34. Bxf3 exf3 35. Bd2 Rb6 36. Rd4 Rc6 37. h4 h6 38. Ra7 Bh3 39. d7 1-0

[Event "Liberec Metalmex op"]
[Site "Liberec"]
[Date "2011.08.20"]
[Round "8"]
[White "Slazansky, Martin"]
[Black "Purkyt, Jaroslav"]
[Result "1-0"]
[WhiteElo "1871"]
[BlackElo "1788"]
[PlyCount "87"]
[EventDate "2011.08.13"]
[EventType "swiss"]
[EventRounds "9"]
[EventCountry "CZE"]
[SourceTitle "CBM 143 Extra"]
[Source "ChessBase"]
[SourceDate "2011.08.29"]
[SourceVersion "1"]
[SourceVersionDate "2011.08.29"]
[SourceQuality "1"]

1. d4 Nf6 2. Nf3 e6 3. e3 b6 4. Bd3 Bb7 5. 0-0 Be7 6. Nbd2 0-0 7. c3 d6 8. Qc2 Nbd7 9. e4 e5 10. d5 c6 11. c4 cxd5 12. cxd5 Nc5 13. b4 Nxd3 14. Qxd3 Nh5 15. Nb3 Bc8 16. Ne1 f5 17. Qe2 Nf6 18. f3 fxe4 19. fxe4 Bg4 20. Nf3 h6 21. h3 Bh5 22. Qd3 Bg6 23. Nbd2 Nh5 24. Nc4 Bh7 25. Bd2 Qd7 26. Rfe1 Rf7 27. Nfxe5 dxe5 28. Nxe5 Qc7 29. Nxf7 Kxf7 30. Qf3+ Nf6 31. e5 Rf8 32. exf6 Bxf6 33. Rac1 Qd8 34. Qb3 Kg8 35. Re2 Qd6 36. Re6 Qd8 37. Rce1 Kh8 38. Bc3 Bg8 39. Bxf6 gxf6 40. Qe3 Bxe6 41. Qxh6+ Kg8 42. dxe6 Qd4+ 43. Re3 Re8 44. Kh2 1-0

[Event "Liberec Metalmex op"]
[Site "Liberec"]
[Date "2011.08.14"]
[Round "2"]
[White "Martinovsky, Miroslav"]
[Black "Purkyt, Jaroslav"]
[Result "1-0"]
[WhiteElo "1879"]
[BlackElo "1788"]
[PlyCount "81"]
[EventDate "2011.08.13"]
[EventType "swiss"]
[EventRounds "9"]
[EventCountry "CZE"]
[SourceTitle "CBM 143 Extra"]
[Source "ChessBase"]
[SourceDate "2011.08.29"]
[SourceVersion "1"]
[SourceVersionDate "2011.08.29"]
[SourceQuality "1"]

1. Nf3 d5 2. d4 Nf6 3. Bf4 e6 4. e3 Be7 5. h3 c5 6. c3 Nc6 7. Nbd2 Bd7 8. Bd3 Qb6 9. Rb1 cxd4 10. exd4 Rc8 11. 0-0 0-0 12. Ne5 Be8 13. Re1 Qa5 14. a3 Qb6 15. Re3 Kh8 16. g4 Nd7 17. Nxd7 Bxd7 18. Nf3 Rce8 19. Qc2 g6 20. Bh6 Rg8 21. Rbe1 Bf6 22. Ng5 Nd8 23. Rf3 Bxg5 24. Bxg5 Kg7 25. Bf6+ Kf8 26. Qd2 g5 27. Bxh7 Rg7 28. Bxg7+ Kxg7 29. Qxg5+ Kxh7 30. Rf6 e5 31. Rxb6 axb6 32. Rxe5 Ne6 33. Qf6 Kg8 34. Rh5 Ng7 35. Rg5 Kf8 36. Qxg7+ Ke7 37. Re5+ Be6 38. h4 Kd6 39. h5 Re7 40. h6 f5 41. Qxe7+ 1-0

[Event "Teplice op 5th"]
[Site "Teplice"]
[Date "2010.06.18"]
[Round "7"]
[White "Vnoucek, Pavel"]
[Black "Purkyt, Jaroslav"]
[Result "0-1"]
[WhiteElo "1695"]
[BlackElo "1846"]
[PlyCount "82"]
[EventDate "2010.06.12"]
[EventType "swiss"]
[EventRounds "9"]
[EventCountry "CZE"]
[SourceTitle "CBM 136 Extra"]
[Source "ChessBase"]
[SourceDate "2010.07.02"]
[SourceVersion "2"]
[SourceVersionDate "2010.07.15"]
[SourceQuality "1"]

1. e4 c5 2. Nf3 d6 3. d4 cxd4 4. Nxd4 Nf6 5. Nc3 a6 6. Be2 e5 7. Nb3 Be7 8. 0-0 0-0 9. f4 exf4 10. Bxf4 Qb6+ 11. Kh1 Be6 12. Nd4 Nbd7 13. Rb1 Ne5 14. Nxe6 fxe6 15. Bxe5 dxe5 16. Bf3 Rfd8 17. Qe1 Rd7 18. Qg3 Qc7 19. Be2 Kh8 20. Bd3 Nh5 21. Qg4 Nf4 22. Rxf4 exf4 23. Qxe6 Qd6 24. Qh3 g6 25. Nd5 Bf8 26. Re1 Bg7 27. c4 Rf7 28. b4 Raf8 29. c5 Qe5 30. Qf3 g5 31. h3 Qd4 32. Bc2 a5 33. a3 Qb2 34. Re2 Bd4 35. Qd3 f3 36. gxf3 Rxf3 37. Qd2 Rf1+ 38. Kg2 Qa1 39. Kg3 Rg1+ 40. Rg2 Rxg2+ 41. Qxg2 Qe1+ 0-1

[Event "Teplice op 5th"]
[Site "Teplice"]
[Date "2010.06.15"]
[Round "4"]
[White "Purkyt, Jaroslav"]
[Black "Hajek, Jaroslav"]
[Result "0-1"]
[WhiteElo "1846"]
[BlackElo "2002"]
[PlyCount "126"]
[EventDate "2010.06.12"]
[EventType "swiss"]
[EventRounds "9"]
[EventCountry "CZE"]
[SourceTitle "CBM 136 Extra"]
[Source "ChessBase"]
[SourceDate "2010.07.02"]
[SourceVersion "2"]
[SourceVersionDate "2010.07.15"]
[SourceQuality "1"]

1. Nf3 Nf6 2. c4 g6 3. g3 Bg7 4. Bg2 0-0 5. d4 d6 6. Nc3 Nbd7 7. 0-0 e5 8. e3 c6 9. b3 Re8 10. Nd2 exd4 11. exd4 Nf8 12. Nf3 Bg4 13. Bb2 d5 14. Qd2 Ne6 15. cxd5 Nxd5 16. Nxd5 Bxf3 17. Bxf3 cxd5 18. Rac1 Qd7 19. Rc2 Bf6 20. Bg4 Rac8 21. Rfc1 Rxc2 22. Qxc2 Qd8 23. Bxe6 Rxe6 24. Qc7 Qxc7 25. Rxc7 Re2 26. Bc3 Rc2 27. Ba5 Rxc7 28. Bxc7 Bxd4 29. Kf1 Kg7 30. Ke2 Kf6 31. h3 h5 32. Kf3 Ke6 33. g4 Be5 34. Bd8 Bd6 35. Bg5 f6 36. Be3 a6 37. Bb6 Ke5 38. Ke3 f5 39. Bd4+ Ke6 40. Kf3 Be5 41. Be3 d4 42. Bd2 Kd5 43. gxf5 gxf5 44. Ke2 b5 45. Kd3 Kc5 46. f3 Bc7 47. a3 Kd5 48. b4 Bg3 49. f4 Bf2 50. Bc1 Be3 51. Bb2 Bxf4 52. Bxd4 Bc1 53. Bc3 Bxa3 54. Bd2 Bb2 55. Be1 Be5 56. Bd2 Bd6 57. Be1 f4 58. Bd2 f3 59. Be1 f2 60. Bxf2 Bxb4 61. Bd4 a5 62. Bb2 Bc5 63. Bc1 a4 0-1

[Event "Teplice op 5th"]
[Site "Teplice"]
[Date "2010.06.12"]
[Round "1"]
[White "Hadraba, Vladimir"]
[Black "Purkyt, Jaroslav"]
[Result "1-0"]
[WhiteElo "2244"]
[BlackElo "1846"]
[PlyCount "63"]
[EventDate "2010.06.12"]
[EventType "swiss"]
[EventRounds "9"]
[EventCountry "CZE"]
[SourceTitle "CBM 136 Extra"]
[Source "ChessBase"]
[SourceDate "2010.07.02"]
[SourceVersion "2"]
[SourceVersionDate "2010.07.15"]
[SourceQuality "1"]

1. e4 c5 2. Nf3 g6 3. Nc3 Bg7 4. d4 cxd4 5. Nxd4 Nc6 6. Be3 Nf6 7. Nb3 d6 8. Be2 Be6 9. f4 Rc8 10. 0-0 0-0 11. Bf3 Bc4 12. Rf2 e6 13. Rd2 Ne8 14. Qe1 Qe7 15. Rad1 Rc7 16. Qf2 Bxb3 17. axb3 Bxc3 18. bxc3 b6 19. c4 Kg7 20. g3 h5 21. Qg2 Nb8 22. e5 dxe5 23. fxe5 Nd7 24. Bd4 Qg5 25. h4 Qe7 26. Qf2 Kh7 27. Be4 Ng7 28. Qf4 Nf5 29. Bxf5 exf5 30. e6 fxe6 31. Qxc7 Rf7 32. Be3 1-0

[Event "Rumburk op"]
[Site "Rumburk"]
[Date "2006.07.05"]
[Round "3"]
[White "Purkyt, Jaroslav"]
[Black "Papay, Jindrich"]
[Result "1/2-1/2"]
[WhiteElo "1817"]
[BlackElo "1991"]
[PlyCount "87"]
[EventDate "2006.07.03"]
[EventType "swiss"]
[EventRounds "9"]
[EventCountry "CZE"]
[SourceTitle "EXT 2008"]
[Source "ChessBase"]
[SourceDate "2007.11.25"]
[SourceVersion "1"]
[SourceVersionDate "2007.11.25"]
[SourceQuality "1"]

1. Nf3 b6 2. d4 Bb7 3. e3 e6 4. Be2 Be7 5. c4 Nf6 6. Nc3 0-0 7. Qc2 d5 8. b3 Ne4 9. 0-0 f5 10. Ne1 g5 11. f3 Nf6 12. cxd5 Nxd5 13. Nxd5 exd5 14. Nd3 Nd7 15. Bd2 Bd6 16. Bb4 Qe7 17. Qd2 c5 18. dxc5 bxc5 19. Ba3 Rae8 20. Rfe1 Qf6 21. Rac1 Rc8 22. Qa5 Qe7 23. Bf1 Rc7 24. Nf2 h5 25. e4 fxe4 26. fxe4 Qf6 27. Rc2 dxe4 28. Bc4+ Kh7 29. Nxe4 Qd4+ 30. Nf2 Qf4 31. Bd3+ Kh6 32. g3 Qf3 33. Be4 Bxe4 34. Nxe4 Be5 35. Bb2 Bxb2 36. Rxb2 Rc6 37. Qd2 Qf5 38. h4 Ne5 39. Qxg5+ Qxg5 40. Nxg5 Nf3+ 41. Nxf3 Rxf3 42. Kg2 Rd3 43. Rbe2 Rg6 44. Re3 1/2-1/2